ბათუმის შოთა რუსთაველის სახელმწიფო უნივერსიტეტის ბიბლიოთეკა

Методы географических исследований. (ბიბ.ჩანაწერი № 35159)

000 -LEADER
fixed length control field 00645nam a2200241Ia 4500
001 - CONTROL NUMBER
control field 1002
003 - CONTROL NUMBER IDENTIFIER
control field GE_BSU
008 - FIXED-LENGTH DATA ELEMENTS--GENERAL INFORMATION
fixed length control field 181216s||||||||xx |||||||||||||| ||und||
040 ## - CATALOGING SOURCE
Transcribing agency GE_BSU
080 ## - UNIVERSAL DECIMAL CLASSIFICATION NUMBER
Universal Decimal Classification number 91
100 ## - MAIN ENTRY--PERSONAL NAME
Personal name Ханвелл,ДЖ; Ньюсон,М;
245 ## - TITLE STATEMENT
Title Методы географических исследований.
245 ## - TITLE STATEMENT
Remainder of title Физическая география
250 ## - EDITION STATEMENT
Edition statement Вып.2
260 ## - PUBLICATION, DISTRIBUTION, ETC.
Place of publication, distribution, etc. Москва
260 ## - PUBLICATION, DISTRIBUTION, ETC.
Name of publisher, distributor, etc. Прогресс
260 ## - PUBLICATION, DISTRIBUTION, ETC.
Date of publication, distribution, etc. 1977
300 ## - PHYSICAL DESCRIPTION
Extent 390 с.
653 ## - INDEX TERM--UNCONTROLLED
Uncontrolled term География
653 ## - INDEX TERM--UNCONTROLLED
Uncontrolled term Физическая география.
942 ## - ADDED ENTRY ELEMENTS (KOHA)
Koha item type წიგნი
ეგზემპლარები
Withdrawn status Lost status Damaged status Not for loan Date acquired Barcode Date last seen Price effective from Koha item type
        2018-12-17 1983 2018-12-17 2018-12-17 წიგნი